000 01269nam a2200217 i 4500
001 102794
003 ES-MaACL
005 20260202063017.0
007 t|
008 051207s1826 fr ||||1| fre d
080 _a81'286(084.4)
100 1 _aBalbi, Adriano,
_d1782-1848
_924843
245 1 0 _aAtlas ethnographique du globe
_b: ou Classification des peuples anciens et modernes d'après leurs langues ; précedé d'un Discours sur l'utilité et l'importance de l'étude des langues appliquée a plusieurs branchez des connaissances humaines ; d'un Aperçu sur les moyens graphiques employés par les différens peuples de la terre ; d'un Coup-d'oeil sur l'histoire de la langue slave, et sur la marche progressive de la civilisation et de la littérature en Russie, avec environ sept cents vocabulaires es principaux idiomes connus, et suivi du Tableau physique, moral et politique des cinq parties du monde... /
_cpar Adrien Balbi.
260 _aA Paris :
_bchez Rey et Gravier...,
_c1826 (
_eimprimé chez Paul Renouard)
300 _a[10] p., [62] h., [10] p. ;
_c49 cm.
500 _aÍndice.
500 _aPort. con esc. imperial.
650 1 4 _aGeografía lingüística-
_vAtlas.
_913081
852 _aES-MaACL
_jGF-14
999 _c102794
_d102794